Concrete technology. (Record no. 548535)
[ view plain ]
| 000 -LEADER | |
|---|---|
| fixed length control field | 00565cam a22001691 4500 |
| 082 ## - DEWEY DECIMAL CLASSIFICATION NUMBER | |
| Classification number | 666.893 |
| Author Mark | ORC |
| -- | L-19, P-35 |
| 100 1# - MAIN ENTRY--PERSONAL NAME | |
| Personal name | Orchard, Dennis Frank. [from old catalog] |
| 9 (RLIN) | 44883 |
| 245 10 - TITLE STATEMENT | |
| Title | Concrete technology. |
| 260 ## - PUBLICATION, DISTRIBUTION, ETC. | |
| Place of publication, distribution, etc. | London, |
| Name of publisher, distributor, etc. | Contractors Record; |
| Place of publication, distribution, etc. | New York, |
| Name of publisher, distributor, etc. | Wiley, |
| Date of publication, distribution, etc. | 1962. |
| 300 ## - PHYSICAL DESCRIPTION | |
| Extent | 2 v. |
| Other physical details | illus., diagrs., tables. |
| Dimensions | 24 cm. |
| 490 0# - SERIES STATEMENT | |
| Series statement | The Concrete library |
| 505 0# - FORMATTED CONTENTS NOTE | |
| Formatted contents note | v. 1. Properties of materials. 2d ed., rev.--v. 2. Practice. |
| 526 ## - STUDY PROGRAM INFORMATION NOTE | |
| Program name | 0 |
| Interest level | 0 |
| Reading level | 0 |
| Title point value | 666_893000000000000_ORC |
| 650 #0 - SUBJECT ADDED ENTRY--TOPICAL TERM | |
| Topical term or geographic name entry element | Concrete. |
| 650 #0 - SUBJECT ADDED ENTRY--TOPICAL TERM | |
| Topical term or geographic name entry element | MCE |
| 9 (RLIN) | 379 |
| 942 ## - ADDED ENTRY ELEMENTS (KOHA) | |
| Source of classification or shelving scheme | |
| Koha item type | Book |
| Withdrawn status | Lost status | Source of classification or shelving scheme | Damaged status | Not for loan | Permanent Location | Current Location | Date acquired | Total Checkouts | Full call number | Barcode | Date last seen | Price effective from | Koha item type |
|---|---|---|---|---|---|---|---|---|---|---|---|---|---|
| Military College of Engineering (MCE) | Military College of Engineering (MCE) | 08/29/2014 | 666.893 ORC | MCE-2382 | 08/29/2014 | 08/29/2014 | Book |
